Zurabája alebo Epitaf pre živého

Bibliographic Details
Main Author: Zahradník, Osvald, 1932-2017 (Author)
Format: Book
Language:Slovak
PhysicalDescription:56, [1] s. 4°
Published: Bratislava Lita 1973
Subjects:

MARC

LEADER 00000cam a2200000 a 4500
001 vtls008333644
003 SK-MaSNL
005 20260302085509.0
008 240314s1973 xo 000 0 slo
015 |a SNBA1973/02-00336 
035 |a SK01SNK19730025861 
035 |a SKM000028324 
040 |a SNK  |b slo  |c SNK  |e AACR2 
041 0 |a slo 
044 |a xo  |c SK 
080 |a 885.4-2  |2 1981 
100 1 |a Zahradník, Osvald,  |d 1932-2017  |4 aut  |9 170187 
245 1 0 |a Zurabája  |b alebo Epitaf pre živého  |c Osvald Zahradník 
260 |a Bratislava  |b Lita  |c 1973 
300 |a 56, [1] s.  |c 4° 
650 0 7 |a hry divadelné slovenské  |2 SNK  |9 289337 
655 7 |a umelecká literatúra  |2 SNKPH  |9 60405 
852 |a Slovenská národná knižnica v Martine  |b 10000  |h SB 19117 
958 |a OND 
958 |a RM 
958 |a RK 
958 |a LX 
999 |c 1192463  |d 1194393 
952 |a SNK  |b SNK  |y PREZ  |7 0  |p 17A0897777  |o snkSB 19117  |i snkKSP 1594/73  |0 0  |1 0  |4 0  |d 2015-07-14  |l 0  |r 2025-03-20 00:00:00  |w 2026-02-24 
952 |a SNK  |b SNK  |y VYP  |7 0  |p 17A1188846  |o snkSB 19117 D1  |i snkKSP 1595/73  |0 0  |1 0  |4 0  |d 2015-07-14  |l 0  |r 2026-02-24 22:16:10  |w 2026-02-24